| 000 | 00540nam a2200193 a 4500 | ||
|---|---|---|---|
| 001 | 1770366453377 | ||
| 003 | YourLibrary | ||
| 005 | 20260206135857.0 | ||
| 008 | 260206s2004##################000#0#eng## | ||
| 020 | _a9780521609197 | ||
| 082 | 0 | 4 |
_a306.3640 _bLEE |
| 100 | 1 |
_aLee, Richard B., _eauthor. |
|
| 245 | 1 | 0 | _aThe Cambridge Encyclopedia of Hunters and Gatherers : |
| 260 |
_bCambridge University Press, _c2004. |
||
| 300 | _a534 pages | ||
| 650 | 0 | _aSocial Science. | |
| 942 | _cENGLISH | ||
| 040 |
_aYourLibrary _beng _cYourLibrary |
||
| 999 |
_c610630 _d610630 |
||